Statistics for greys anatomy

Click here to take the quiz!

General Stats

  • This quiz has been taken 7 times
  • The average score is 36 of 58

Answer Stats

last namefirst name% Correct
karevalex
100%
sheperdamelia
100%
sheperdamelia
100%
yangcristina
100%
sheperdderek
100%
greyellis
100%
o'malleygeorge
100%
stevensisobel
100%
wilsonjo
100%
greylexie
100%
sloanmark
100%
greymeredith
100%
baileymiranda
100%
huntowen
100%
burkepreston
100%
webberrichard
100%
delucaandrew
86%
hanherica
86%
averyjackson
86%
piercemaggie
86%
webberadele
71%
warrenbenjamin
71%
torrescalliope
71%
riggsnathan
71%
koracicktom
71%
lincolnatticus
57%
delucacarina
57%
percycharles
57%
hayescormac
57%
murphyleah
57%
smitchlevi
57%
sheperdnancy
57%
kimnico
57%
blakepenny
57%
altmanteddy
57%
foxcatherine
43%
sheperdkathleen
43%
hermannicole
43%
harperolivia
43%
starkrobert
43%
bellosam
43%
rossshane
43%
helmtaryn
43%
montgomeryaddisom
29%
minnickeliza
29%
marlingemma
29%
brooksheathers
29%
myersjason
29%
ceronemarie
29%
huntmegan
29%
petersonmorgan
29%
adamsonreed
29%
heronsydney
29%
royvikram
29%
robbinsarizaona
14%
qadridahila
14%
sheperdelizabeth
14%
fieldslucy
14%

Score Distribution

Percentile by Number Answered

Percent of People with Each Score

Your Score History

You have not taken this quiz